Liste des pays organisateurs des JO d'été - Statistiques

Statistiques générales
  • Ce quiz a été pris 129 fois
  • Le résultat moyen est 19 sur 32
Statistiques - réponses
Edition Ville % Correct
2024 Paris
92%
1896 Athènes
87%
2028 Los Angeles
86%
2021 Tokyo
85%
2016 Rio
83%
2012 Londres
81%
1900 Paris
77%
1936 Berlin
76%
2008 Pékin
76%
2004 Athènes
73%
1924 Paris
73%
1996 Atlanta
72%
2000 Sydney
71%
1992 Barcelone
69%
1980 Moscou
58%
1984 Los Angeles
56%
1972 Munich
56%
1988 Séoul
55%
1968 Mexico
54%
1904 Saint Louis
50%
2032 Brisbane
49%
1908 Londres
49%
1976 Montréal
49%
1960 Rome
47%
1920 Anvers
46%
1948 Londres
42%
1964 Tokyo
42%
1928 Amsterdam
41%
1952 Helsinki
38%
1912 Stockholm
36%
1932 Los Angeles
33%
1956 Melbourne
33%
Aucun quiz correspondant
Distribution des résultats
% des personnes avec chaque résultat
Percentile par nombre de réponses
Votre historique - résultats
Vous n’avez pas pris ce quiz